000 00505nam a2200193Ia 4500
005 20250508162113.0
008 008 250505s9999 xx 000 0 hin d
037 _aTextual
040 _aFEDL
_beng
_cFEDL
041 _ahin
_2eng
084 _a339, MEH
_qFEDL
100 _aMehesh Chandra
_9772308
245 0 _aAaykar
260 _aDelhi, India
_bFraink Brothers and Company
_c1980
300 _a587p.
650 _aEconomics
942 _cTEXL
_h339, MEH
999 _c1374394
_d1374394